000 00461nab a2200145Ia 4500
003 ES-SlBCS
005 20210601131735.0
008 140529s1954 xxu||||| |||| 00| 0 fre d
041 _afre
100 1 _aNicholl, Donald
_9188457
245 0 0 _aLa littérature catholique en Angleterre depuis la guerre
_c Donald Nicholl
650 0 4 _aLiteratura Católica-Inglaterra
_9188458
773 0 _tVie Intelectuelle (La)
_gnº. 6, 1954, págs. 58-73
_wRev907
942 _cAR
999 _c567975
_d567975